000 00802nam a2200253 u 4500
001 000024102
005 20200930022724.0
008 110118s1955 sp r 000 j spa d
040 _aDO-SdBNP
_bspa
_cBNPHU
041 _aeng
_hspa
_2Código de idioma MARC
082 _a813.54
_bR186m, 1955
100 1 _aRand, Ayn
_949513
240 1 0 _aThe fountainhead
_lespañol
245 1 3 _aEl manantial :
_bnovela /
_cAyn Rand ; traducción del inglés por Luis de Paola.
250 _a2a ed.
260 _aBarcelona :
_bPlaneta,
_c1955.
300 _a730 p. ;
_c22 cm.
490 1 _aOmnibus
_v7
534 _aTítulo original :
_tThe fountainhead
650 4 _aNovela estadounidense
_9262
650 4 _aLiteratura estadounidense
_9263
700 1 _aPaola, Luis de
_etr.
_949514
830 0 _aOmnibus;
_v7
_939417
999 _c23597
_d23597